00689nam a22002177a 4500003000400000005001700004008004100021020002200062040001000084082002100094100002200115245003100137260003100168300001100199630002600210650003500236650004400271942000900315952012800324999001900452OSt20260523115149.0260523b |||||||| |||| 00| 0 eng d a978-93-5432-836-7 cSBCL  a894.81209bUNN-C aUnnikrishnan,A.M  aChattampiswami Patanangal  aKottayam bDC Books c2021 a2790p. xLiterature & rhetoric aLiteratures of other languages aAltaic, Uralic, Hyperborean & Dravidian cBOOK 00102ddc40708GENaSBCLbSBCLc2d2026-05-23l0o894.81209 UNN-Cp143430r2026-05-23 11:52:56v2999.00w2026-05-23yBOOK c138189d138189